Medzinárodný pracovný seminár k zdokonaleniu konjunkturálnych prieskumov

Bibliographic Details
Main Author: Bednárik, Jozef (Author)
Format: Article
Language:Slovak
ISSN:1210-1095
Subjects:

MARC

LEADER 00000nab a2200000 a 4500
001 vtls000603317
003 SK-MaSNL
005 20260331115810.0
008 250425c1996 xo 0 slo
015 |a SNBRB19rr/mm-uuuuu 
035 |a CL0603456 
035 |a urn:nbn:sk:snk-ab75tv 
035 |a (uuid)1878c0fc-d3ef-4e24-b8cf-943a15562e27 
035 |a (urnnbn)urn:nbn:sk:snk:ar-a070x8 
035 |a (sysno)vtls000603317 
040 |a SNKBUCL  |b slo  |c SNKBUCL  |e AACR2 
041 0 |a slo 
044 |a xo  |c SK 
080 |a 311.2:338.1:061.3  |2 1981 
080 |a 338.1  |2 1981 
100 1 |a Bednárik, Jozef  |4 aut  |9 989191 
245 1 0 |a Medzinárodný pracovný seminár k zdokonaleniu konjunkturálnych prieskumov  |c Jozef Bednárik 
650 0 7 |a ekonomika  |2 snkbucl  |9 789 
650 0 7 |a prieskumy konjunkturálne  |2 snkbucl  |9 1383822 
655 7 |a články z novín a časopisov  |2 snkbucl  |9 267496 
773 0 |t Slovenská štatistika a demografia  |g Roč. 6, č. 3 (1996), s. 60-62  |x 1210-1095 
850 |a Slovenská národná knižnica 
852 |a Slovenská národná knižnica 
954 |a odborná, vedecká literatúra pôvodná (slovenská)  |2 lita 
958 |a article27 
958 |a RK 
958 |a OND 
958 |a EUIPO 
999 |c 2815407  |d 2817337